000
00316nam a2200133Ia 4500
008
100328s9999 xx 000 0 und d
082
_b
22881
100
_a
दोडती सी.बी.
245
_a
सावट
260
_b
ऐक्य
630
_a
सावट
730
_a
सावट
942
_c
BOOK
999
_c
516698
_d
516695